000 01458agaaa2200337 4500
001 5298
003 IT-RoPAU
005 20220918181237.0
007 d cvaizq
008 50131s9999||||xx ||| | || ||und||
040 _aIT-RoPAU
_cIT-RoPAU
041 _aITALIANO
100 _aKatzin Lee H.
_gCodice regista SPICS: 35485
_943764
130 _a24 ORE DI LE MANS (LE)
_943765
240 _aLE MANS
_gT2380
245 _a24 ORE DI LE MANS (LE)
_cSceneggiatura: Kleiner Harry -- Diretto da: Katzin Lee H.
_p24 ORE DI LE MANS (LE) (Rif. Codice opera principale : A5298)
246 _aLE MANS
250 _aEdizione Standard
260 _aPARIS (STATI UNITI)
_bSOLAR /
_g"1971 (1° ed.: 1992 ; Ed. Lingua Orig.: 1971)"
300 _aVHS
_bsonoro, col.
_c108 minuti
508 _a"Fotografia: Hauser Robert; Montaggio: Wodcock John M.; Musica: Legrand Michel; Sceneggiatura: Kleiner Harry; "
511 _a"Mcqueen Steve; Andersen Elga; Rauch Siegfried; Haltiner Fred; Merenda Luc; Infanti A."
520 _aDOCUMENTARIO. CORSA AUTOMOBILISTICA. PUBBLICO. FILM A COLORI.
538 _aPAL, STEREO
546 _aITALIANO
650 _aDOCUMENTARIO
_eFILMS [VHS]
_xCodice MATERIA SPICS: 9960
_934095
700 _aKatzin Lee H.
_e(regista)
_gCodice regista SPICS: 35485
_943766
700 _aKleiner Harry
_e(soggetto)
_gCodice Soggetto SPICS: 35486
_943767
700 _aLegrand Michel
_e(musica)
_gCodice Musica SPICS: 10930
_943768
942 _cVH
_2ddc
999 _c105861
_d105861